Dare To Win (Record no. 331471)
[ view plain ]
| 000 -LEADER | |
|---|---|
| fixed length control field | 00444nam a2200169Ia 4500 |
| 008 - FIXED-LENGTH DATA ELEMENTS--GENERAL INFORMATION | |
| fixed length control field | 230718s9999 xx 000 0 und d |
| 020 ## - INTERNATIONAL STANDARD BOOK NUMBER | |
| International Standard Book Number | 9788183222174 |
| 041 ## - LANGUAGE CODE | |
| Language code of text/sound track or separate title | eng |
| 082 ## - DEWEY DECIMAL CLASSIFICATION NUMBER | |
| Classification number | 158.1 |
| Item number | CAN |
| 100 ## - MAIN ENTRY--PERSONAL NAME | |
| Personal name | Canfield J. |
| 245 ## - TITLE STATEMENT | |
| Title | Dare To Win |
| 260 ## - PUBLICATION, DISTRIBUTION, ETC. (IMPRINT) | |
| Date of publication, distribution, etc. | 2012 |
| Name of publisher, distributor, etc. | Manjul Publishing House |
| 300 ## - PHYSICAL DESCRIPTION | |
| Extent | 205 |
| 365 ## - TRADE PRICE | |
| Currency code | Rs. |
| Price amount | 195.00 |
| 700 ## - ADDED ENTRY--PERSONAL NAME | |
| Personal name | Canfield J. & Hansen M.V. |
| 906 ## - LOCAL DATA ELEMENT F, LDF (RLIN) | |
| d | O:0307815-Oct-2012B:147924-Sep-2012 |
| c | GENRL |
| b | 42.9 |
| Withdrawn status | Lost status | Damaged status | Not for loan | Home library | Current library | Date acquired | Vendor | Budget Code | Cost, normal purchase price | Bill number | Total Checkouts | Full call number | Barcode | Date last seen | Date last checked out | Discount | Cost, replacement price | Bill Date | Koha item type | Original Barcode |
|---|---|---|---|---|---|---|---|---|---|---|---|---|---|---|---|---|---|---|---|---|
| Cummins College of Engineering for Women Pune | Cummins College of Engineering for Women Pune | 15/10/2012 | Technical Book Services | GENRL | 152.10 | 1479 | 1 | 158.1 | CCEP-BK-42678 | 26/02/2026 | 23/02/2026 | 42.9 | 195.00 | 24/09/2012 | Books | 042678 |